000 00322nam a2200133Ia 4500
005 20251222143205.0
008 251222s9999||||xx |||||||||||||| ||spa||
020 _a950-892-067-6
082 _a155.282/F71G
100 _aFoglia, Pedro José
245 0 _aGrafologĂ­a forense:
264 _bLugar Editorial
942 _cLIB
999 _c13204
_d13204